| 000 | 00752nam a22001577a 4500 | ||
|---|---|---|---|
| 003 | OSt | ||
| 005 | 20151130091516.0 | ||
| 008 | 151130b xxu||||| |||| 00| 0 eng d | ||
| 040 | _cRUA | ||
| 082 | _aFIS NEA 1997 B165 Or.1 | ||
| 100 |
_93992 _aNEANG, SINAROTH. |
||
| 245 | _aDirect and indirect benefits of intecgrated aquaculture systems on the family food security in kandal province, ផលប្រយោជន៍ផ្ទាល់ និងមិនផ្ទាល់នៃប្រព័ន្ធវារីវប្បកម្មរួមផ្សំទៅលើស្ថេរភាពស្បៀងគ្រួសារខេត្តកណ្ដាល | ||
| 260 |
_aPhnom Penh _bRUA _c1997 |
||
| 300 |
_a62p. _bill. _c29cm. |
||
| 942 |
_2ddc _cFIS |
||
| 999 |
_c3712 _d3712 |
||